[Event "Memorial Gashimov - Blitz"]
[Site "Baku"]
[Date "22.12.2021"]
[Round "B2"]
[White "Rapport, Richard"]
[Black "Anand, Viswanathan"]
[Result "1-0"]
[WhiteTitle "GM"]
[BlackTitle "GM"]
[WhiteElo "2763"]
[BlackElo "2751"]
[WhiteFideId "738590"]
[BlackFideId "5000017"]
[EventDate "2021.12.22"]

1. e4 e5 2. Nf3 Nc6 3. g3 Nf6 4. d3 Be7 5. Bg2 O-O 6. O-O d6 7. h3 Re8 8. c4 h6
9. Nc3 Nh7 10. Nd5 Be6 11. Be3 Bf8 12. Kh2 Ne7 13. d4 Ng6 14. b3 c6 15. Nc3 Nf6
16. Qc2 Bd7 17. Rad1 Qa5 18. Qd2 Qc7 19. Rfe1 b5 20. cxb5 cxb5 21. dxe5 dxe5 22.
Nd5 Nxd5 23. Qxd5 Rad8 24. Qd3 Qb7 25. Qb1 Bc6 26. Rxd8 Rxd8 27. Bd2 Bc5 28. Ba5
Rc8 29. Qc2 Bd7 30. Qb2 b4 31. Nxe5 Nxe5 32. Qxe5 Bxf2 33. Re2 Rc5 34. Qe7 Rxa5
35. Qd8+ Kh7 36. Qxa5 Bb6 37. Qd5 Bc6 38. Qf5+ g6 39. Qf6 Qd7 40. e5 Bxg2 41.
Rxg2 Qd5 42. e6 fxe6 43. Qf7+ Kh8 44. Qf8+ Kh7 45. Qe7+ Kg8 46. Qxb4 h5 47. Qc4
Qd6 48. h4 Kh7 49. Qf4 e5 50. Qf7+ Kh6 51. Qg8 Qf6 52. Qc4 Bd4 53. Qc1+ Kh7 54.
Qc7+ Kh6 55. Qc1+ Kh7 56. Rc2 Bb6 57. Qd1 e4 58. Rg2 e3 59. Qd7+ Kh6 60. Qe8 Bd4
61. Qe4 Kh7 62. b4 Bb6 63. a4 Qc3 64. Qe7+ Kh6 65. a5 Bd4 66. Qg5+ Kh7 67. Qe7+
Kh6 68. Qg5+ Kh7 69. Qe7+ Kh6 70. Qf8+ Kh7 71. Qf7+ Bg7 72. Qxa7 Qxb4 73. a6 Qc4
74. Qxe3 Qxa6 75. Qe4 Qf6 76. Rc2 Qe5 77. Qxe5 Bxe5 78. Kg2 Kg7 79. Kf3 Bf6 80.
Kf4 Kg8 81. Rc6 Kg7 82. Ke4 Kf7 83. Kd5 Kg7 84. Ke6 Bd4 85. Rc7+ Kg8 86. Rc2 Kg7
87. Rd2 Bc3 88. Rd3 Bb2 89. Rd7+ Kg8 90. Rd2 Bc3 91. Rg2 Ba1 92. g4 hxg4 93.
Rxg4 Kh7 94. Kf7 Kh6 95. Rxg6+ Kh5 96. Rg1 Bd4 97. Rh1 Bc3 98. Ke6 Ba5 99. Kf5
Bd8 100. Rd1 Bb6 101. Rb1 Bf2 102. Kf4 Bd4 1-0

[Event "Memorial Gashimov - Blitz"]
[Site "Baku"]
[Date "22.12.2021"]
[Round "B2"]
[White "Mamedyarov, Shakhriyar"]
[Black "Asadli, Vugar"]
[Result "1-0"]
[WhiteTitle "GM"]
[BlackTitle "GM"]
[WhiteElo "2767"]
[BlackElo "2579"]
[WhiteFideId "13401319"]
[BlackFideId "13405764"]
[EventDate "2021.12.22"]

1. d4 d5 2. c4 e6 3. Nc3 Nf6 4. cxd5 exd5 5. Bg5 c6 6. Qc2 h6 7. Bh4 g6 8. e3
Bf5 9. Bd3 Bxd3 10. Qxd3 Nbd7 11. Nge2 Bg7 12. f3 O-O 13. O-O Re8 14. Rae1 b5
15. Kh1 b4 16. Na4 Qa5 17. b3 c5 18. Bxf6 c4 19. bxc4 dxc4 20. Qxc4 Nxf6 21. Qb3
Nd5 22. e4 Nb6 23. Nxb6 axb6 24. e5 Bf8 25. Nc1 Qb5 26. Rf2 Ra3 27. Qb1 h5 28.
Nb3 Qd5 29. h3 Bh6 30. Qe4 Qc4 31. d5 b5 32. Rc2 Qxe4 33. Rxe4 1-0

[Event "Memorial Gashimov - Blitz"]
[Site "Baku"]
[Date "22.12.2021"]
[Round "B2"]
[White "Mamedov, Rauf"]
[Black "Caruana, Fabiano"]
[Result "0-1"]
[WhiteTitle "GM"]
[BlackTitle "GM"]
[WhiteElo "2656"]
[BlackElo "2792"]
[WhiteFideId "13401653"]
[BlackFideId "2020009"]
[EventDate "2021.12.22"]

1. e4 c5 2. Nc3 Nc6 3. g3 g6 4. Bg2 Bg7 5. d3 d6 6. Nf3 e5 7. a3 Nge7 8. b4 O-O
9. Rb1 b6 10. O-O h6 11. Nd5 Nxd5 12. exd5 Ne7 13. bxc5 Nxd5 14. Bd2 dxc5 15.
Re1 Re8 16. Qc1 Kh7 17. h4 Bg4 18. Nh2 Bf5 19. Qd1 Rc8 20. h5 g5 21. a4 Qd7 22.
a5 b5 23. c4 Nc7 24. Be3 bxc4 25. dxc4 Qxd1 26. Rbxd1 Bf8 27. g4 Be6 28. Rc1 Rb8
29. Be4+ Kg7 30. f3 Rb4 31. Bd3 Rd8 32. Be2 Ne8 33. Nf1 e4 34. Ng3 exf3 35. Bxf3
Nf6 36. a6 Nxg4 37. Nf1 Ne5 38. Bg2 Nxc4 39. Bf2 Bd6 40. Ng3 Bf4 41. Rcd1 Rxd1
42. Rxd1 Ne3 43. Rd8 Rb1+ 44. Kh2 Ng4+ 0-1

[Event "Memorial Gashimov - Blitz"]
[Site "Baku"]
[Date "22.12.2021"]
[Round "B3"]
[White "Asadli, Vugar"]
[Black "Mamedov, Rauf"]
[Result "1-0"]
[WhiteTitle "GM"]
[BlackTitle "GM"]
[WhiteElo "2579"]
[BlackElo "2656"]
[WhiteFideId "13405764"]
[BlackFideId "13401653"]
[EventDate "2021.12.22"]

1. e4 c5 2. Nf3 d6 3. Nc3 Nf6 4. d4 cxd4 5. Nxd4 g6 6. g3 Bg7 7. Bg2 O-O 8. O-O
Nc6 9. Nde2 Be6 10. h3 Rc8 11. Nd5 Ne5 12. Nd4 Bd7 13. b3 Nc6 14. c3 Nxd5 15.
exd5 Nxd4 16. cxd4 Qa5 17. Be3 Qb4 18. a3 Qb6 19. Re1 Rc3 20. Rb1 Bf5 21. Rb2
Rd3 22. Qe2 Bxd4 23. Bxd4 Qxd4 24. g4 Bd7 25. Rc2 e5 26. Rc4 Rd2 27. Rxd4 Rxe2
28. Rxe2 exd4 29. Rd2 Rc8 30. Rxd4 Rc3 31. b4 Bb5 32. g5 Rxa3 33. Rf4 Kf8 34. h4
Ke7 35. h5 gxh5 36. Rh4 Ra4 37. Bf3 Bd3 38. Bxh5 a5 39. Rh3 Bg6 40. bxa5 Rxa5
41. Bxg6 hxg6 42. Rd3 Ra4 43. f3 b5 44. Kf2 Rc4 45. Re3+ Kd7 46. Ra3 b4 47. Ra4
Kc7 48. Ke3 Kb6 49. Kd3 Rc3+ 50. Kd4 Kb5 51. Ra7 Rxf3 52. Rb7+ Ka4 53. Rb6 b3
54. Kc4 Ka5 55. Rxd6 b2 56. Rd8 Rf4+ 57. Kc5 Ka4 58. Rb8 Ka3 59. d6 Rf1 60. d7
Rc1+ 61. Kd6 b1=Q 62. Rxb1 Rxb1 63. d8=Q Rd1+ 64. Ke7 1-0

[Event "Memorial Gashimov - Blitz"]
[Site "Baku"]
[Date "22.12.2021"]
[Round "B3"]
[White "Caruana, Fabiano"]
[Black "Rapport, Richard"]
[Result "1/2-1/2"]
[WhiteTitle "GM"]
[BlackTitle "GM"]
[WhiteElo "2792"]
[BlackElo "2763"]
[WhiteFideId "2020009"]
[BlackFideId "738590"]
[EventDate "2021.12.22"]

1. d4 e6 2. Nf3 f5 3. g3 Nf6 4. Bg2 Be7 5. O-O d5 6. c4 Ne4 7. Nc3 c6 8. Qc2 Nd7
9. Rb1 a5 10. a3 O-O 11. Bf4 g5 12. Bd2 Bf6 13. e3 Rf7 14. Rfc1 h5 15. cxd5 exd5
16. b4 Nb6 17. Bf1 axb4 18. axb4 h4 19. b5 hxg3 20. hxg3 Rh7 21. bxc6 Nxd2 22.
Nxd2 bxc6 23. Bd3 Rf7 24. Ne2 f4 25. exf4 Bg4 26. Qxc6 Rb8 27. Kg2 Bd7 28. Qc5
gxf4 29. Nxf4 Bg5 30. Rh1 Bxf4 31. gxf4 Rg7+ 32. Kf1 Rc8 33. Qb4 Qf6 34. Ke1 Nc4
35. Nxc4 dxc4 36. Bxc4+ Be6 37. Be2 Bd5 38. f3 Qxf4 39. Qd2 Qg3+ 40. Kd1 Bxf3
41. Qa2+ Rf7 42. Re1 Bg4 43. Qd2 Bxe2+ 44. Qxe2 Rd8 45. Qe4 Qf3+ 46. Qxf3 Rxf3
47. Ke2 Rf4 48. Rg1+ Kf7 49. Rbf1 Rxd4 50. Rxf4+ Rxf4 51. Rf1 Rxf1 52. Kxf1 1/2-1/2

[Event "Memorial Gashimov - Blitz"]
[Site "Baku"]
[Date "22.12.2021"]
[Round "B3"]
[White "Karjakin, Sergey"]
[Black "Mamedyarov, Shakhriyar"]
[Result "0-1"]
[WhiteTitle "GM"]
[BlackTitle "GM"]
[WhiteElo "2743"]
[BlackElo "2767"]
[WhiteFideId "14109603"]
[BlackFideId "13401319"]
[EventDate "2021.12.22"]

1. e4 e5 2. Nf3 Nc6 3. Bc4 Bc5 4. c3 Nf6 5. d3 h6 6. O-O d6 7. Nbd2 O-O 8. Re1
Ne7 9. Nf1 Ng6 10. Ng3 c6 11. h3 Re8 12. d4 Bb6 13. Bd3 Be6 14. a4 a5 15. Qc2
Bc7 16. Be3 Nf4 17. Bf1 N4h5 18. Ne2 d5 19. Nxe5 Nxe4 20. f3 Nd6 21. g4 Nf6 22.
Nf4 Nc4 23. Nxc4 dxc4 24. Nxe6 Rxe6 25. Bxc4 Nd5 26. Qf2 b5 27. axb5 cxb5 28.
Bd3 Qd6 29. Bd2 Rf6 30. Re5 Qc6 31. Re4 Bf4 32. Rae1 g6 33. Bxf4 Nxf4 34. Rxf4
Rxf4 35. Be4 Rxe4 36. Rxe4 b4 37. Re3 b3 38. Kg2 a4 39. Kg3 Rb8 40. d5 Qxd5 41.
Qe2 a3 42. Re8+ Kg7 43. Rxb8 Qd6+ 44. f4 Qxb8 45. h4 a2 46. Qd1 Qa7 0-1

[Event "Memorial Gashimov - Blitz"]
[Site "Baku"]
[Date "22.12.2021"]
[Round "B3"]
[White "Anand, Viswanathan"]
[Black "Navara, David"]
[Result "1/2-1/2"]
[WhiteTitle "GM"]
[BlackTitle "GM"]
[WhiteElo "2751"]
[BlackElo "2697"]
[WhiteFideId "5000017"]
[BlackFideId "309095"]
[EventDate "2021.12.22"]

1. e4 c5 2. Nf3 d6 3. Bb5+ Nd7 4. O-O a6 5. Bxd7+ Bxd7 6. Re1 Nf6 7. c4 b5 8. d3
g6 9. Nc3 Bg7 10. e5 dxe5 11. Nxe5 O-O 12. h3 Qc7 13. Bf4 Qb7 14. Qe2 Rfd8 15.
b3 b4 16. Ne4 Nxe4 17. dxe4 Bc6 18. Rad1 a5 19. Nxc6 Qxc6 20. e5 a4 21. Rd3 Rd7
22. Rxd7 Qxd7 23. Rd1 Qc6 24. Qd3 h6 25. h4 axb3 26. axb3 e6 27. Qe3 Qc7 28. Rd6
Bf8 29. Rd3 Rd8 30. Rxd8 1/2-1/2

[Event "Memorial Gashimov - Blitz"]
[Site "Baku"]
[Date "22.12.2021"]
[Round "B4"]
[White "Navara, David"]
[Black "Caruana, Fabiano"]
[Result "1-0"]
[WhiteTitle "GM"]
[BlackTitle "GM"]
[WhiteElo "2697"]
[BlackElo "2792"]
[WhiteFideId "309095"]
[BlackFideId "2020009"]
[EventDate "2021.12.22"]

1. d4 Nf6 2. c4 g6 3. Nc3 Bg7 4. e4 d6 5. Nf3 O-O 6. Be2 e5 7. O-O h6 8. Re1
Nbd7 9. Bf1 Re8 10. Rb1 a5 11. b3 b6 12. d5 Nh7 13. g3 Nc5 14. a3 a4 15. b4 Nb3
16. Be3 Bd7 17. Nd2 f5 18. Nxb3 axb3 19. Rxb3 f4 20. gxf4 Qh4 21. Qf3 exf4 22.
Qxf4 Qe7 23. Qg3 g5 24. c5 Rf8 25. c6 Be8 26. f4 gxf4 27. Bxf4 Qf6 28. Ne2 Bh5
29. Bc1 Ng5 30. Nf4 Qf7 31. h4 Nf3+ 32. Rxf3 Bxf3 33. Bh3 Rae8 34. Be6 Rxe6 35.
dxe6 Qf6 36. Qxf3 Qxh4 37. Re2 Kh7 38. Be3 Be5 39. Rh2 Qe1+ 40. Kg2 Rg8+ 41. Kh3
Qc3 42. Rg2 Rf8 43. Qg3 Kh8 44. Ng6+ 1-0

[Event "Memorial Gashimov - Blitz"]
[Site "Baku"]
[Date "22.12.2021"]
[Round "B4"]
[White "Rapport, Richard"]
[Black "Asadli, Vugar"]
[Result "1-0"]
[WhiteTitle "GM"]
[BlackTitle "GM"]
[WhiteElo "2763"]
[BlackElo "2579"]
[WhiteFideId "738590"]
[BlackFideId "13405764"]
[EventDate "2021.12.22"]

1. e4 c6 2. d4 d5 3. Nc3 dxe4 4. Nxe4 Nf6 5. Qd3 Nxe4 6. Qxe4 Nd7 7. Nf3 Nf6 8.
Qd3 g6 9. Be2 Bg7 10. O-O Bf5 11. Qb3 Qb6 12. c3 O-O 13. Re1 Rfe8 14. Bc4 Qxb3
15. axb3 a6 16. b4 h5 17. h3 Nd5 18. Bb3 Rad8 19. Bg5 Bf6 20. Bxd5 cxd5 21. Bxf6
exf6 22. Nd2 Kf8 23. Nb3 Rxe1+ 24. Rxe1 Re8 25. Rxe8+ Kxe8 26. Nc5 Bc8 27. h4
Ke7 28. Kf1 Kd6 29. Ke2 b6 30. Nd3 Bf5 31. Ke3 Kc6 32. Nf4 Bc2 33. g3 Kd6 34. f3
Bd1 35. Ng2 a5 36. bxa5 bxa5 37. Nf4 Kc6 38. Kf2 a4 39. Ng2 Bc2 40. Ne3 Bd3 41.
g4 Kd6 42. gxh5 gxh5 43. Ng2 Kc6 44. Nf4 Bg6 45. Ke3 Kd6 46. Kd2 Kc6 47. Ke2 Kd6
48. Ke3 Kc6 49. Kd2 Kd6 50. Nd3 Kc6 51. Nb4+ Kd6 52. Na6 Kc6 53. Nc5 Kb5 54. Nd7
f5 55. f4 Kc4 56. Kc2 Kb5 57. b3 axb3+ 58. Kxb3 f6 59. Nc5 Be8 60. Ne6 Bf7 61.
Nc5 Be8 62. Nd3 Bd7 63. Nb4 Be6 64. Nc2 Bf7 65. Ne3 Be6 66. Ka3 Ka5 67. Kb2 Kb5
68. Kb3 Ka5 69. Nf1 Bf7 70. Ng3 Bg6 71. c4 Bf7 72. c5 Bg6 73. Kc3 Kb5 74. Nf1
Bf7 75. Ne3 Be6 76. Kb3 Ka5 77. Nc2 Kb5 78. Nb4 Bf7 79. Kc3 Be6 80. Nd3 Bf7 81.
Nf2 Be8 82. Kb3 Bf7 83. Nd1 Be6 84. Nc3+ Ka5 85. Ka3 Bf7 86. Na4 Kb5 87. Kb3 Be6
88. Nb6 Ka5 89. Na8 Bd7 90. Nc7 Ba4+ 91. Kc3 Bc6 92. Ne6 Be8 93. c6 Kb6 94. c7
Kb7 95. Kb4 Bd7 96. Nc5+ Kxc7 97. Nxd7 Kxd7 98. Kc5 Ke6 99. Kc6 Ke7 100. Kc7 Ke6
101. Kd8 Kd6 102. Ke8 Kc6 103. Kf7 Kb5 104. Kxf6 Kc4 105. Ke5 1-0

[Event "Memorial Gashimov - Blitz"]
[Site "Baku"]
[Date "22.12.2021"]
[Round "B4"]
[White "Mamedyarov, Shakhriyar"]
[Black "Mamedov, Rauf"]
[Result "1-0"]
[WhiteTitle "GM"]
[BlackTitle "GM"]
[WhiteElo "2767"]
[BlackElo "2656"]
[WhiteFideId "13401319"]
[BlackFideId "13401653"]
[EventDate "2021.12.22"]

1. c4 Nf6 2. g3 e6 3. Bg2 d5 4. d4 c5 5. cxd5 exd5 6. Nf3 Nc6 7. O-O Be7 8. Nc3
O-O 9. dxc5 Bxc5 10. a3 Ne4 11. Nxd5 Be6 12. Ne3 Qb6 13. b4 Be7 14. Nd5 Bxd5 15.
Qxd5 Nc3 16. Qd3 Rfd8 17. Qxc3 Bf6 18. Qc2 Bxa1 19. Ng5 g6 20. Qa2 Bg7 21. Nxf7
Kf8 22. Be3 Nd4 23. Ng5 Rd7 24. Nxh7+ Ke7 25. Bg5+ Kd6 26. Qd5+ 1-0

[Event "Memorial Gashimov - Blitz"]
[Site "Baku"]
[Date "22.12.2021"]
[Round "B4"]
[White "Karjakin, Sergey"]
[Black "Anand, Viswanathan"]
[Result "1/2-1/2"]
[WhiteTitle "GM"]
[BlackTitle "GM"]
[WhiteElo "2743"]
[BlackElo "2751"]
[WhiteFideId "14109603"]
[BlackFideId "5000017"]
[EventDate "2021.12.22"]

1. e4 e5 2. Nf3 Nc6 3. Bb5 Nf6 4. d3 Bc5 5. Nbd2 O-O 6. O-O d6 7. c3 Bb6 8. Nc4
Ne7 9. Ba4 Ng6 10. h3 Be6 11. Bc2 Bxc4 12. dxc4 Qe7 13. Re1 c6 14. Nh2 Rfd8 15.
Qf3 h6 16. Ng4 Nxg4 17. hxg4 Nf8 18. a4 a5 19. g3 Nh7 20. Kg2 Qe6 21. Qe2 g5 22.
Rh1 Kg7 23. f3 Qf6 24. Rh5 Nf8 25. Bd2 Ne6 26. Rah1 Rh8 27. Qd1 Qe7 28. Qe2 c5
29. Kf2 f6 30. Ke1 Bc7 31. Qh2 Rag8 32. Rxh6 Rxh6 33. Qxh6+ Kf7 34. Qh7+ Kf8 35.
Qf5 Qf7 36. Rh7 Rg7 37. Rh8+ Rg8 38. Rh1 Ke7 39. Bd3 b6 40. f4 Ng7 41. Qh7 Ne6
42. Qh2 Qg7 43. fxe5 dxe5 44. Kd1 Bd6 45. Kc2 Kd7 46. Qf2 Rh8 47. Rh5 Rg8 48.
Qh2 Qf7 49. Rh6 Bf8 50. Rh7 Rg7 51. Rh3 Kc7 52. Kb1 Be7 53. Be3 Bf8 54. Ka2 Qd7
55. Bc2 Be7 56. Rh8 Nf8 57. Qh6 Rf7 58. Qh5 Bd6 59. Kb3 Rh7 60. Rxh7 Qxh7 61.
Qe8 Qd7 62. Qh5 Qh7 63. Bd3 Kd7 64. Kc2 Ke7 65. b4 Kd8 66. bxa5 bxa5 67. Kb3 1/2-1/2

[Event "Memorial Gashimov - Blitz"]
[Site "Baku"]
[Date "22.12.2021"]
[Round "B5"]
[White "Asadli, Vugar"]
[Black "Navara, David"]
[Result "1-0"]
[WhiteTitle "GM"]
[BlackTitle "GM"]
[WhiteElo "2579"]
[BlackElo "2697"]
[WhiteFideId "13405764"]
[BlackFideId "309095"]
[EventDate "2021.12.22"]

1. e4 c5 2. Nf3 d6 3. Nc3 Nf6 4. d4 cxd4 5. Nxd4 a6 6. Rg1 b5 7. a4 b4 8. Nd5 e6
9. Nxf6+ Qxf6 10. Be3 Bb7 11. f3 d5 12. exd5 Bxd5 13. Qd2 Be7 14. O-O-O Nd7 15.
g4 Nc5 16. g5 Qg6 17. Bd3 Nxd3+ 18. Qxd3 O-O 19. Nf5 Bd8 20. Bc5 Re8 21. Nd6
Bxg5+ 22. Kb1 Qxd3 23. Rxd3 Be7 24. Nxe8 Bxc5 25. Nc7 Ra7 26. Nxd5 Bxg1 27. Ne7+
Kf8 28. Nc8 Re7 29. Nxe7 Kxe7 30. h3 g5 31. Kc1 h5 32. Kd1 f5 33. c3 Bc5 34. Ke2
a5 35. Rd1 h4 36. Kd3 bxc3 37. bxc3 e5 38. Rb1 e4+ 39. fxe4 g4 40. exf5 gxh3 41.
Rh1 Kf6 42. Rxh3 Kg5 43. Ke4 Kg4 44. Rh1 h3 45. f6 Kg3 46. f7 Kg2 47. Rxh3 Kxh3
48. Kd5 Be7 49. c4 Kg4 50. c5 Kf5 51. c6 1-0

[Event "Memorial Gashimov - Blitz"]
[Site "Baku"]
[Date "22.12.2021"]
[Round "B5"]
[White "Mamedov, Rauf"]
[Black "Rapport, Richard"]
[Result "0-1"]
[WhiteTitle "GM"]
[BlackTitle "GM"]
[WhiteElo "2656"]
[BlackElo "2763"]
[WhiteFideId "13401653"]
[BlackFideId "738590"]
[EventDate "2021.12.22"]

1. e4 e6 2. d4 d5 3. Nd2 dxe4 4. Nxe4 Bd7 5. Bd3 Bc6 6. Nf3 Nd7 7. Qe2 Ngf6 8.
Ned2 Be7 9. b3 Nd5 10. Ne4 Bb4+ 11. Kf1 O-O 12. c4 N5f6 13. Bg5 Be7 14. h4 Nxe4
15. Bxe4 Bxe4 16. Qxe4 Rb8 17. g3 h6 18. Kg2 Re8 19. Bf4 Bd6 20. Bg5 f5 21. Qe2
hxg5 22. hxg5 g6 23. Rh6 Nf8 24. Rah1 e5 25. c5 e4 26. Qc4+ Kg7 27. Nd2 Bxg3 28.
fxg3 Qxg5 29. Nf1 f4 30. Rh8 f3+ 31. Kg1 e3 32. Rg8+ Kf6 33. d5 e2 34. Rh4 f2+
35. Kh2 exf1=N+ 36. Qxf1 Kf7 37. Rgh8 Kg7 38. Qxf2 Re5 39. Qd4 Qf6 40. Kh3 Qf1+
41. Kh2 Qe2+ 42. Kh3 Qf1+ 43. Kh2 Re8 44. Rf4 Qe2+ 45. Rf2 Qxf2+ 46. Qxf2 Kxh8
47. Qf7 R5e7 48. Qf6+ Kg8 49. b4 Rf7 50. Qd4 Rf5 51. d6 cxd6 52. cxd6 Nd7 53.
Qc4+ Kg7 54. Qc7 Rf7 55. Qxb7 Nf6 56. Qc6 Rd8 57. b5 Rfd7 58. a4 Rxd6 59. Qc3
Rd2+ 60. Kg1 Rd1+ 61. Kg2 R8d2+ 0-1

[Event "Memorial Gashimov - Blitz"]
[Site "Baku"]
[Date "22.12.2021"]
[Round "B5"]
[White "Anand, Viswanathan"]
[Black "Mamedyarov, Shakhriyar"]
[Result "1/2-1/2"]
[WhiteTitle "GM"]
[BlackTitle "GM"]
[WhiteElo "2751"]
[BlackElo "2767"]
[WhiteFideId "5000017"]
[BlackFideId "13401319"]
[EventDate "2021.12.22"]

1. e4 e5 2. Nf3 Nc6 3. Bb5 a6 4. Ba4 Nf6 5. d3 b5 6. Bb3 Bc5 7. c3 d6 8. O-O O-O
9. Nbd2 h6 10. Re1 Re8 11. Nf1 Bb6 12. Ng3 Ne7 13. Nh4 d5 14. h3 dxe4 15. dxe4
Qxd1 16. Bxd1 Bb7 17. Nf3 Nc8 18. Bc2 Nd6 19. Nh2 Rad8 20. Ng4 Nxg4 21. hxg4 Kh7
22. Kf1 g6 23. f3 a5 24. Ke2 Kg7 1/2-1/2

[Event "Memorial Gashimov - Blitz"]
[Site "Baku"]
[Date "22.12.2021"]
[Round "B5"]
[White "Caruana, Fabiano"]
[Black "Karjakin, Sergey"]
[Result "1/2-1/2"]
[WhiteTitle "GM"]
[BlackTitle "GM"]
[WhiteElo "2792"]
[BlackElo "2743"]
[WhiteFideId "2020009"]
[BlackFideId "14109603"]
[EventDate "2021.12.22"]

1. e4 e5 2. Nf3 Nc6 3. g3 Nf6 4. d3 d5 5. exd5 Nxd5 6. Bg2 Bd6 7. O-O O-O 8. a3
a5 9. Nc3 Nxc3 10. bxc3 a4 11. Re1 h6 12. Nd2 Be6 13. Rb1 Rb8 14. Ne4 Be7 15. c4
Qd7 16. Be3 Nd4 17. Qc1 Bg4 18. Bxd4 Qxd4 19. Rb5 c6 20. c3 Qxd3 21. Rxe5 Be6
22. Bf1 Qd7 23. Qc2 Qc7 24. Rxe6 fxe6 25. Qxa4 Ra8 26. Qd1 Rxa3 27. Bh3 Kh8 28.
Bxe6 Ra5 29. Bh3 Bc5 30. Qd2 Qb6 31. Kg2 Qa7 32. Re2 b6 33. Bg4 Qf7 34. Qd3 Ra4
35. Nxc5 bxc5 36. Be6 Qf6 37. f4 Ra3 38. Re5 Ra2+ 39. Kh3 Rd8 40. Qe4 Rdd2 41.
Bf7 Rxh2+ 42. Kg4 Qxf7 43. Re8+ Qxe8 44. Qxe8+ Kh7 45. Qxc6 Rhc2 46. Qxc5 Rxc3
47. Qf5+ Kh8 48. Qf8+ Kh7 49. Qf5+ 1/2-1/2

[Event "Memorial Gashimov - Blitz"]
[Site "Baku"]
[Date "22.12.2021"]
[Round "B6"]
[White "Karjakin, Sergey"]
[Black "Asadli, Vugar"]
[Result "0-1"]
[WhiteTitle "GM"]
[BlackTitle "GM"]
[WhiteElo "2743"]
[BlackElo "2579"]
[WhiteFideId "14109603"]
[BlackFideId "13405764"]
[EventDate "2021.12.22"]

1. e4 c6 2. d4 d5 3. e5 c5 4. Nf3 cxd4 5. Qxd4 Nc6 6. Qf4 e6 7. Bd3 Nb4 8. Nc3
Bd7 9. h4 Nxd3+ 10. cxd3 Ne7 11. Ng5 Nf5 12. Nxf7 Kxf7 13. g4 Rc8 14. gxf5 exf5
15. Be3 Be6 16. Ne2 d4 17. Nxd4 Qd5 18. O-O g6 19. Nxe6 Qxe6 20. Rfc1 Be7 21.
Qf3 Rc6 22. Rxc6 bxc6 23. Rc1 Rc8 24. d4 Ke8 25. d5 cxd5 26. Rxc8+ Qxc8 27. Qxd5
Kf8 28. Bh6+ Ke8 29. Qg8+ Kd7 30. e6+ Kc7 31. Bf4+ Kb7 32. Qxc8+ Kxc8 33. Bg5
Kd8 34. f4 h6 35. Bxh6 Bxh4 36. Kg2 0-1

[Event "Memorial Gashimov - Blitz"]
[Site "Baku"]
[Date "22.12.2021"]
[Round "B6"]
[White "Anand, Viswanathan"]
[Black "Caruana, Fabiano"]
[Result "0-1"]
[WhiteTitle "GM"]
[BlackTitle "GM"]
[WhiteElo "2751"]
[BlackElo "2792"]
[WhiteFideId "5000017"]
[BlackFideId "2020009"]
[EventDate "2021.12.22"]

1. e4 e5 2. Nf3 Nc6 3. Bb5 a6 4. Ba4 d6 5. O-O Bd7 6. c3 g6 7. d4 Bg7 8. Re1 Nf6
9. h3 O-O 10. Bc2 Re8 11. d5 Ne7 12. c4 h6 13. Nc3 Nh7 14. b4 f5 15. c5 f4 16.
Nd2 Rf8 17. Ba4 Bc8 18. cxd6 cxd6 19. b5 g5 20. bxa6 Rxa6 21. Bb5 Ra8 22. Be2
Ng6 23. Rb1 Nh4 24. a4 Nf6 25. Ba3 Rf7 26. Nc4 Bf8 27. Nb6 Rg7 28. Nxa8 g4 29.
hxg4 Nxg4 30. Bf3 Qg5 31. Nb6 Nh2 32. Kxh2 Nxg2 0-1

[Event "Memorial Gashimov - Blitz"]
[Site "Baku"]
[Date "22.12.2021"]
[Round "B6"]
[White "Mamedyarov, Shakhriyar"]
[Black "Rapport, Richard"]
[Result "1-0"]
[WhiteTitle "GM"]
[BlackTitle "GM"]
[WhiteElo "2767"]
[BlackElo "2763"]
[WhiteFideId "13401319"]
[BlackFideId "738590"]
[EventDate "2021.12.22"]

1. d4 Nf6 2. c4 g6 3. Nc3 Bg7 4. g3 O-O 5. Bg2 d6 6. Nf3 Nc6 7. O-O a6 8. e4 Rb8
9. c5 b5 10. d5 Na5 11. b4 Nc4 12. Nd4 Qe8 13. a4 e5 14. Nc6 Rb7 15. axb5 axb5
16. Ra8 Qd7 17. Qd3 Nxe4 18. Nxe4 f5 19. Ng5 e4 20. Qe2 dxc5 21. bxc5 Re8 22.
Rd1 Bh6 23. Na7 Rxa7 24. Rxa7 e3 25. Ne6 exf2+ 26. Qxf2 1-0

[Event "Memorial Gashimov - Blitz"]
[Site "Baku"]
[Date "22.12.2021"]
[Round "B6"]
[White "Navara, David"]
[Black "Mamedov, Rauf"]
[Result "1-0"]
[WhiteTitle "GM"]
[BlackTitle "GM"]
[WhiteElo "2697"]
[BlackElo "2656"]
[WhiteFideId "309095"]
[BlackFideId "13401653"]
[EventDate "2021.12.22"]

1. e4 c5 2. Nf3 d6 3. Bb5+ Bd7 4. Bxd7+ Qxd7 5. c4 Nf6 6. Nc3 g6 7. d4 cxd4 8.
Qxd4 Bg7 9. O-O O-O 10. Qd3 Rc8 11. Bd2 Nc6 12. Rac1 Qd8 13. Rfd1 Nd7 14. b3 a6
15. Nd5 e6 16. Nc3 Nde5 17. Nxe5 dxe5 18. Qxd8+ Rxd8 19. Be3 Bf8 20. Bb6 Rdc8
21. Rd7 Rab8 22. Na4 Nd4 23. Kf1 Rc6 24. Bc7 Rxc7 25. Rxc7 b5 26. cxb5 axb5 27.
Nc5 Bd6 28. Rd7 Bf8 29. Nd3 f6 30. f4 Bh6 31. Rdc7 exf4 32. Rc8+ Rxc8 33. Rxc8+
Kf7 34. Rc7+ Kf8 35. a4 f5 36. a5 fxe4 37. a6 1-0

[Event "Memorial Gashimov - Blitz"]
[Site "Baku"]
[Date "22.12.2021"]
[Round "B7"]
[White "Asadli, Vugar"]
[Black "Anand, Viswanathan"]
[Result "1/2-1/2"]
[WhiteTitle "GM"]
[BlackTitle "GM"]
[WhiteElo "2579"]
[BlackElo "2751"]
[WhiteFideId "13405764"]
[BlackFideId "5000017"]
[EventDate "2021.12.22"]

1. e4 c5 2. Nf3 e6 3. d4 cxd4 4. Nxd4 Nc6 5. Nc3 Qc7 6. Be3 a6 7. Qd2 Nf6 8.
O-O-O Be7 9. f3 b5 10. g4 h6 11. h4 Ne5 12. Rg1 Bb4 13. g5 hxg5 14. hxg5 Nh5 15.
f4 Bxc3 16. bxc3 Nc4 17. Bxc4 bxc4 18. g6 f6 19. Rh1 Bb7 20. Qe2 Qa5 21. f5 Qxc3
22. Rxh5 Rxh5 23. Qxh5 Qxe3+ 24. Kb2 O-O-O 25. fxe6 c3+ 26. Ka1 Qg5 27. Qxg5
fxg5 28. e7 Re8 29. Nf5 Kc7 30. e5 Bf3 31. Rd3 Bg4 32. Rxc3+ Kb8 33. Rb3+ Ka8
34. Nd6 Rxe7 35. Nc4 Ka7 36. Rg3 Be2 37. Nd6 Rxe5 38. Nf7 Rc5 39. Kb2 Bh5 40.
Nxg5 Bxg6 41. Ne6 Rxc2+ 42. Kb3 dxe6 43. Rxg6 Rc7 44. Rxe6 Rf7 45. Rg6 Kb7 46.
Kb4 1/2-1/2